Introduction to global analysis

Αποθηκεύτηκε σε:
Λεπτομέρειες βιβλιογραφικής εγγραφής
Κύριος συγγραφέας: Kahn, Donald W. 1935-2015
Μορφή: Βιβλίο
Γλώσσα:English
Δημοσίευση: New York : Academic Press, 1980
Σειρά:Pure and applied mathematics (Academic Press) ; 91
Θέματα:
Ετικέτες: Προσθήκη ετικέτας
Δεν υπάρχουν, Καταχωρήστε ετικέτα πρώτοι!

MARC

LEADER 00000cam a2200000 i 4500
001 1/60864
008 941103s1980 eng d
020 |a 0123940508 
035 |l 10046336 
040 |a GR-MY-UA  |b gre  |e aacr 
041 0 |a eng 
082 0 |a 514.74 
100 1 |a Kahn, Donald W.  |d 1935-2015. 
245 1 0 |a Introduction to global analysis /  |c by Donald W. Kahn 
260 |a New York :   |b Academic Press,   |c 1980 
300 |a ix, 336 p.;  |c 24 cm. 
490 1 |a Pure and applied mathematics (Academic Press)  |v ; 91 
504 |a Includes bibliographical references and index 
650 0 0 |a Global analysis (Mathematics) 
830 0 |a Pure and applied mathematics (Academic Press)  |v ; 91 
852 |a INST  |b SAMOS  |e 19941103  |h 514.74 KAH  |p 005300001704  |q 005300001704  |t BK  |y 0 
909 |a Σ  |b 009719